El problema supremo de México : ensayo de crítica constructiva de la política financiera /

Gespeichert in:
Bibliographische Detailangaben
1. Verfasser: Pani, Alberto J. (autor)
Format: Buch
Sprache:Spanisch
Veröffentlicht: México : Inversiones ARPA, 1955, c1955
Tags: Tag hinzufügen
Keine Tags, Fügen Sie das erste Tag hinzu!

MARC

LEADER 00000nam^a2200000^a^4500
001 000422713
005 20250526000000.0
009 20260310122607.652
037 |a Acervo ITESO - Biblioteca 
041 |a ESP 
091 |a FHM. 00819 
100 |a Pani, Alberto J.  |e (autor) 
245 1 3 |a El problema supremo de México :  |b ensayo de crítica constructiva de la política financiera / 
264 4 |a México :  |b Inversiones ARPA,  |c 1955, c1955 
300 |a 202 p. ;  |c 20.0 cm. 
336 |a texto  |b txt  |2 rdacontenido 
337 |a sin mediación  |b n  |2 rdamedio 
338 |a volumen  |b nc  |2 rdasoporte 
649 |a XX 
910 |a Fondo Hugo B. Margáin 
920 |a Impresos - Libros 
930 |a Libros Antiguos y Raros 
905 |a 126 
901 |a 0500303619  |b IT2  |c LRA  |i D113540  |u 20250526 
902 |a https://opac.biblio.iteso.mx/vufind/Record/000422713